<?xml version="1.0" encoding="UTF-8"?>
<record
    xmlns:xsi="http://www.w3.org/2001/XMLSchema-instance"
    xsi:schemaLocation="http://www.loc.gov/MARC21/slim http://www.loc.gov/standards/marcxml/schema/MARC21slim.xsd"
    xmlns="http://www.loc.gov/MARC21/slim">

  <leader>02094nam a2200253Ia 4500</leader>
  <controlfield tag="003">OSt</controlfield>
  <controlfield tag="005">20241023143757.0</controlfield>
  <controlfield tag="008">200731s9999    xx            000 0 und d</controlfield>
  <datafield tag="020" ind1=" " ind2=" ">
    <subfield code="a">7516115320</subfield>
  </datafield>
  <datafield tag="020" ind1=" " ind2=" ">
    <subfield code="a">9787516115329 &#xA0;</subfield>
  </datafield>
  <datafield tag="040" ind1=" " ind2=" ">
    <subfield code="c">0</subfield>
  </datafield>
  <datafield tag="041" ind1=" " ind2=" ">
    <subfield code="a">chi</subfield>
  </datafield>
  <datafield tag="050" ind1=" " ind2=" ">
    <subfield code="a">BT715</subfield>
    <subfield code="b">.H36 2012&#xA0;</subfield>
  </datafield>
  <datafield tag="100" ind1=" " ind2=" ">
    <subfield code="a">&#x97E9;&#x601D;&#x827A;</subfield>
  </datafield>
  <datafield tag="245" ind1=" " ind2=" ">
    <subfield code="a">&#x4ECE;&#x7F6A;&#x8FC7;&#x4E4B;&#x8FA9;&#x5230;&#x514B;&#x7F6A;&#x6539;&#x8FC7;&#x4E4B;&#x9053;:</subfield>
    <subfield code="b">&#x4EE5;&#x300A;&#x4E03;&#x514B;&#x300B;&#x4E0E;&#x300A;&#x4EBA;&#x8C31;&#x300B;&#x4E3A;&#x4E2D;&#x5FC3; /</subfield>
    <subfield code="c">&#x97E9;&#x601D;&#x827A;</subfield>
  </datafield>
  <datafield tag="246" ind1=" " ind2=" ">
    <subfield code="a">&#x5F9E;&#x7F6A;&#x904E;&#x4E4B;&#x8FAF;&#x5230;&#x514B;&#x7F6A;&#x6539;&#x904E;&#x4E4B;&#x9053; :</subfield>
    <subfield code="b">&#x4EE5;&#x300A;&#x4E03;&#x514B;&#x300B;&#x8207;&#x300A;&#x4EBA;&#x8B5C;&#x300B;&#x70BA;&#x4E2D;&#x5FC3;/</subfield>
  </datafield>
  <datafield tag="260" ind1=" " ind2=" ">
    <subfield code="a">&#x5317;&#x4EAC;:</subfield>
    <subfield code="b">&#x4E2D;&#x56FD;&#x793E;&#x4F1A;&#x79D1;&#x5B66;&#x51FA;&#x7248;&#x793E;, </subfield>
    <subfield code="c">2012</subfield>
  </datafield>
  <datafield tag="300" ind1=" " ind2=" ">
    <subfield code="a">4, 3, 2, 3, 313 p.</subfield>
    <subfield code="b">;</subfield>
    <subfield code="c">24 cm.</subfield>
  </datafield>
  <datafield tag="505" ind1=" " ind2=" ">
    <subfield code="a">&#x97E9;&#x601D;&#x827A;&#x7F16;&#x8457;&#x7684;&#x300A;&#x4ECE;&#x7F6A;&#x8FC7;&#x4E4B;&#x8FA9;&#x5230;&#x514B;&#x7F6A;&#x6539;&#x8FC7;&#x4E4B;&#x9053;&#x2014;&#x2014;&#x4EE5;&lt;&#x4E03;&#x514B;&gt;&#x4E0E;&lt;&#x4EBA;&#x8C31;&gt;&#x4E3A;&#x4E2D;&#x5FC3;&#x300B;&#x4EE5;&#x300A;&#x4E03;&#x514B;&#x300B;&#x4E0E;&#x300A;&#x4EBA;&#x8C31;&#x300B;&#x4E3A;&#x4E2D;&#x5FC3;&#xFF0C;&#x5BF9;&#x660E;&#x6E05;&#x4E4B;&#x9645;&#x8036;&#x5112;&#x5BF9;&#x8BDD;&#x4E2D;&#x5173;&#x4E8E;&#x201C;&#x7F6A;&#x201D;&#x4E0E;&#x201C;&#x8FC7;&#x201D;&#x4EE5;&#x53CA;&#x514B;&#x7F6A;&#x7075;&#x4FEE;&#x4E0E;&#x6539;&#x8FC7;&#x5DE5;&#x592B;&#x7684;&#x95EE;&#x9898;&#x4F5C;&#x4E86;&#x6BD4;&#x8F83;&#x7814;&#x7A76;&#x3002;&#x672C;&#x6587;&#x4ECE;&#x56DB;&#x4E2A;&#x65B9;&#x9762;&#x5C55;&#x5F00;&#x8BBA;&#x8FF0;&#xFF0C;&#x9996;&#x5148;&#xFF0C;&#x7B80;&#x5355;&#x4ECB;&#x7ECD;&#x4E86;&#x660E;&#x6E05;&#x4E4B;&#x9645;&#x8036;&#x5112;&#x5BF9;&#x8BDD;&#x7684;&#x57FA;&#x672C;&#x60C5;&#x51B5;&#x548C;&#x5B97;&#x6559;&#x6587;&#x5316;&#x80CC;&#x666F;&#x3002;&#x5176;&#x6B21;&#xFF0C;&#x5728;&#x57FA;&#x7763;&#x5B97;&#x6559;&#x7684;&#x4FE1;&#x4EF0;&#x4F20;&#x7EDF;&#x4E2D;&#x8BBA;&#x8FF0;&#x4E86;&#x300A;&#x4E03;&#x514B;&#x300B;&#x4E2D;&#x201C;&#x4E03;&#x5B97;&#x7F6A;&#x201D;&#x601D;&#x60F3;&#x4EE5;&#x53CA;&#x514B;&#x7F6A;&#x7075;&#x4FEE;&#x7684;&#x5386;&#x53F2;&#x53D1;&#x5C55;&#x3002;&#x518D;&#x6B21;&#xFF0C;&#x5728;&#x5112;&#x5BB6;&#x7684;&#x6587;&#x5316;&#x4F20;&#x7EDF;&#x4E2D;&#x8BBA;&#x8FF0;&#x4E86;&#x300A;&#x4EBA;&#x8C31;&#x300B;&#x7684;&#x8FC7;&#x6076;&#x601D;&#x60F3;&#x548C;&#x6539;&#x8FC7;&#x5DE5;&#x592B;&#x7684;&#x53D1;&#x5C55;&#x7EBF;&#x7D22;&#x3002;&#x6700;&#x540E;&#xFF0C;&#x5728;&#x9610;&#x660E;&#x300A;&#x4E03;&#x514B;&#x300B;&#x4E0E;&#x300A;&#x4EBA;&#x8C31;&#x300B;&#x5404;&#x81EA;&#x7684;&#x4FE1;&#x4EF0;&#x6587;&#x5316;&#x548C;&#x795E;&#x54F2;&#x5B66;&#x4F20;&#x7EDF;&#x7684;&#x57FA;&#x7840;&#x4E0A;&#xFF0C;&#x5206;&#x6790;&#x7814;&#x7A76;&#x8036;&#x5112;&#x53CC;&#x65B9;&#x5728;&#x7F6A;&#x8FC7;&#x601D;&#x60F3;&#x548C;&#x514B;&#x7F6A;&#x6539;&#x8FC7;&#x4FEE;&#x517B;&#x4E0A;&#x7684;&#x5DEE;&#x5F02;&#xFF0C;&#x540C;&#x65F6;&#x4E5F;&#x5728;&#x300A;&#x4E03;&#x514B;&#x300B;&#x4E0E;&#x300A;&#x4EBA;&#x8C31;&#x300B;&#x4EE5;&#x53CA;&#x5176;&#x5404;&#x81EA;&#x6240;&#x4EE3;&#x8868;&#x7684;&#x4F20;&#x7EDF;&#x4E2D;&#xFF0C;&#x5BFB;&#x627E;&#x76F8;&#x4F3C;&#x4E4B;&#x5904;&#xFF0C;&#x4EE5;&#x53CA;&#x53EF;&#x4EE5;&#x76F8;&#x4E92;&#x7406;&#x89E3;&#x3001;&#x76F8;&#x4E92;&#x4F1A;&#x901A;&#x4E4B;&#x5904;&#xFF0C;&#x5F97;&#x51FA;&#x5982;&#x4E0B;&#x7684;&#x7ED3;&#x8BBA;&#xFF1A;&#x867D;&#x7136;&#x7531;&#x4E8E;&#x4E0D;&#x540C;&#x7684;&#x4FE1;&#x4EF0;&#x6587;&#x5316;&#x4F20;&#x7EDF;&#xFF0C;&#x201C;&#x7F6A;&#x201D;&#x4E0E;&#x201C;&#x8FC7;&#x201D;&#x4EE5;&#x53CA;&#x201C;&#x514B;&#x7F6A;&#x7075;&#x4FEE;&#x201D;&#x4E0E;&#x201C;&#x6539;&#x8FC7;&#x5DE5;&#x592B;&#x201D;&#x4E4B;&#x95F4;&#x5B58;&#x5728;&#x7740;&#x5173;&#x952E;&#x6027;&#x7684;&#x4E0D;&#x540C;&#xFF0C;&#x4F46;&#x662F;&#x4E5F;&#x6709;&#x8BB8;&#x591A;&#x7684;&#x5171;&#x540C;&#x70B9;&#xFF0C;&#x53EF;&#x4EE5;&#x5728;&#x4F1A;&#x901A;&#x4E2D;&#x4E92;&#x76F8;&#x7406;&#x89E3;&#xFF0C;&#x751A;&#x81F3;&#x5728;&#x4E92;&#x76F8;&#x542F;&#x53D1;&#x3001;&#x5F7C;&#x6B64;&#x501F;&#x9274;&#x4E2D;&#xFF0C;&#x901A;&#x8FC7;&#x76F8;&#x4E92;&#x5B66;&#x4E60;&#x6765;&#x4E30;&#x5BCC;&#x53D1;&#x5C55;&#x5404;&#x81EA;&#x7684;&#x7F6A;&#x8FC7;&#x7406;&#x8BBA;&#x548C;&#x514B;&#x7F6A;&#x6539;&#x8FC7;&#x7684;&#x4FEE;&#x517B;&#x4F20;&#x7EDF;&#x3002;</subfield>
  </datafield>
  <datafield tag="650" ind1=" " ind2=" ">
    <subfield code="a">Christianity Essence, genius, nature.</subfield>
  </datafield>
  <datafield tag="650" ind1=" " ind2=" ">
    <subfield code="a">Conduct of life.&#xA0;</subfield>
  </datafield>
  <datafield tag="650" ind1=" " ind2=" ">
    <subfield code="a">Philosophy, Confucian History.</subfield>
  </datafield>
  <datafield tag="942" ind1=" " ind2=" ">
    <subfield code="2">ddc</subfield>
    <subfield code="c">CB</subfield>
  </datafield>
  <datafield tag="952" ind1=" " ind2=" ">
    <subfield code="0">0</subfield>
    <subfield code="1">0</subfield>
    <subfield code="4">0</subfield>
    <subfield code="7">0</subfield>
    <subfield code="a">GETS</subfield>
    <subfield code="b">GETS</subfield>
    <subfield code="c">GEN</subfield>
    <subfield code="d">2020-07-12</subfield>
    <subfield code="l">0</subfield>
    <subfield code="o">BT715 .H36 2012&#xA0;</subfield>
    <subfield code="p">00000515</subfield>
    <subfield code="r">2020-07-12 00:00:00</subfield>
    <subfield code="w">2020-07-12</subfield>
    <subfield code="y">CB</subfield>
  </datafield>
  <datafield tag="999" ind1=" " ind2=" ">
    <subfield code="c">562</subfield>
    <subfield code="d">562</subfield>
  </datafield>
</record>
